000 01209nam a22002771u 4500
001 04849
003 HDC
007 cr bn ---
008 210118p my go d 00 engg
040 _aHDC
245 0 _aHalal Logistics, Supply Chain and Quality Control - Malaysia's Experience
260 _a[No Place] :
_b[publisher not identified],
_c2017
300 _a46 pages :
_billustrations
336 _atext
_2rdacontent
337 _acomputer
_2rdamedia
338 _aonline resource
_2rdacarrier
650 _aHalal logistics
_9143
650 _aQuality control
_95070
650 _aSupply chain
_9537
856 _zRequest full-text at [email protected]
856 _zRequest full-text at [email protected]
856 _zRequest full-text at [email protected]
942 _2lcc
942 _cSLIDE
942 _kSLID 000338
999 _c2173
_d2173